|
|
|
|
| LEADER |
00756nta a2200205 i 4500 |
| 001 |
dokt8340 |
| 005 |
20221108130744.0 |
| 008 |
221108s1973 hu om 0|| hun d |
| 040 |
|
|
|a SZTE Doktori Repozitórium
|b hun
|
| 041 |
|
|
|a hun
|
| 100 |
1 |
|
|a Bukovinszky István
|
| 245 |
1 |
0 |
|a Böll emberábrázolása írói pályájának első és második szakaszában
|h [elektronikus dokumentum] /
|c Bukovinszky István
|
| 260 |
|
|
|c 1973
|
| 502 |
|
|
|a Disszertacio
|
| 650 |
|
4 |
|a irodalom- és kultúra tudományok
|
| 650 |
|
4 |
|a Bölcsészettudományok
|
| 650 |
|
4 |
|a Nyelvek és irodalom
|
| 695 |
|
|
|a Böll, Heinrich, Német irodalom
|
| 700 |
1 |
|
|a Nincs megadva
|e ths
|
| 856 |
4 |
0 |
|u https://doktori.bibl.u-szeged.hu/id/eprint/8340/1/1973_bukovinszky_istvan.pdf
|z Dokumentum-elérés
|